Top Sports Cities - Statistics

General Stats
  • This quiz has been taken 57 times
    4 since last reset
  • The average score is 12 of 20
Answer Stats
# City % Correct
8 Barcelona
100%
4 London
100%
2 Los Angeles
100%
5 Madrid
100%
3 New York City
100%
10 Manchester
75%
18 Mexico City
75%
6 Munich
75%
1 Paris
75%
13 Tokyo
75%
14 Beijing
50%
17 Boston
50%
15 Chicago
50%
7 Miami
50%
9 Milan
50%
11 Lausanne
25%
19 Liverpool
25%
12 Washington, D.C.
25%
20 Brisbane
0%
16 Las Vegas
0%
No matching quizzes found
Score Distribution
Percent of People with Each Score
Percentile by Number Answered
Your Score History
You have not taken this quiz since the last reset